| Поле | Инд. | ПП | Название | Значение |
|---|---|---|---|---|
| Тип записи | a | |||
| Библиографический уровень | b | |||
| 001 | Контрольный номер | RU/IS/BASE/185633600 | ||
| 005 | Дата корректировки | 20220715140353.0 | ||
| 008 | Кодируемые данные | 20051118 | ||
| 084 | a | Индекс другой классификации/Индекс ББК | 60.5ж | |
| 100 | 1_ | a | Автор | Ирхин Ю. В. |
| 100 | 1_ | a | Автор | Микеладзе Е. Е. |
| 245 | a | Заглавие | Всемирные социологические конгрессы и развитие международного сотрудничества социологов | |
| 504 | a | Библиография | Библиогр. ссылки. - Примеч. | |
| 650 | a | Основная рубрика | социология | |
| 653 | a | Ключевые слова | всемирные социологические конгрессы | |
| a | Ключевые слова | международное сотрудничество | ||
| a | Ключевые слова | социологи | ||
| 773 | t | Заглавие источника | Вестник Московского университета. Серия 18, Социология и политология | |
| d | Дата издания источника | 2005 | ||
| g | Прочая информация | № 2. - С. 153 - 167 | ||
| w | Контрольный № источника | RU/IS/BASE/177609356 | ||
| 901 | t | Тип документа | b |